BUBT Library Online Catalog

Intermediate Accounting /Comprehensive Volume (Record no. 180)

000 -LEADER
fixed length control field 00789nam a22002777a 4500
003 - CONTROL NUMBER IDENTIFIER
control field BUBTL
008 - FIXED-LENGTH DATA ELEMENTS--GENERAL INFORMATION
fixed length control field 130422b xxu||||| |||| 00| 0 eng d
024 ## - OTHER STANDARD IDENTIFIER
Terms of availability available
082 ## - DEWEY DECIMAL CLASSIFICATION NUMBER
Edition number 22
Classification number 657.044/ Sm511i/ 1984
Item number
100 ## - MAIN ENTRY--PERSONAL NAME
Personal name Smith, Jay M
9 (RLIN) 5646
110 ## - MAIN ENTRY--CORPORATE NAME
Corporate name or jurisdiction name as entry element Skousen, K Fred
9 (RLIN) 5647
245 ## - TITLE STATEMENT
Title Intermediate Accounting /Comprehensive Volume
250 ## - EDITION STATEMENT
Edition statement 8th edition
260 ## - PUBLICATION, DISTRIBUTION, ETC. (IMPRINT)
Place of publication, distribution, etc. Hong Kong
Name of publisher, distributor, etc. Federal Publication Ltd.
Date of publication, distribution, etc. c1984
300 ## - PHYSICAL DESCRIPTION
Extent 21 cm
Other physical details 1064 page
Type of unit 5
Size of unit 24cm
500 ## - GENERAL NOTE
General note Includes Index .
600 ## - SUBJECT ADDED ENTRY--PERSONAL NAME
Personal name Accounting
650 ## - SUBJECT ADDED ENTRY--TOPICAL TERM
Source of heading or term Accounting
700 ## - ADDED ENTRY--PERSONAL NAME
Personal name Smith, Jay M
9 (RLIN) 5646
710 ## - ADDED ENTRY--CORPORATE NAME
Corporate name or jurisdiction name as entry element Skousen, K Fred
9 (RLIN) 5647
856 ## - ELECTRONIC LOCATION AND ACCESS
Password 0
Logon 0
Link text Download
270 ## - ADDRESS
Address Hong Kong
City Hong Kong
Country Hong Kong
365 ## - TRADE PRICE
Price amount 660.00
Unit of pricing 660.00
942 ## - ADDED ENTRY ELEMENTS (KOHA)
Source of classification or shelving scheme
Koha item type Books
Holdings
Withdrawn status Lost status Source of classification or shelving scheme Damaged status Not for loan Collection code Permanent location Current location Shelving location Date acquired Total Checkouts Full call number Barcode Date last seen Copy number Price effective from Koha item type Inventory number
        Not For Loan Non-fiction Bangladesh University of Business and Technology Library Bangladesh University of Business and Technology Library Accounting Stacks 12/28/2017   657 .044 SMA BUBTL-200314745 12/28/2017 C-1 12/28/2017 Books  
          Non-fiction Bangladesh University of Business and Technology Library Bangladesh University of Business and Technology Library Accounting Stacks 12/28/2017   657 .044 SMA BUBTL-200314746 12/28/2017 C-2 12/28/2017 Books  
          Non-fiction Bangladesh University of Business and Technology Library Bangladesh University of Business and Technology Library Accounting Stacks 12/28/2017   657 .044 SMA BUBTL-200314748 12/28/2017 C-3 12/28/2017 Books  
        Not For Loan Non-fiction Bangladesh University of Business and Technology Library Bangladesh University of Business and Technology Library Accounting Stacks 09/20/2020   657 .044 SMA BUBTL-200314744 09/20/2020 C-4 09/20/2020 Books 14744
          Non-fiction Bangladesh University of Business and Technology Library Bangladesh University of Business and Technology Library Accounting Stacks 02/02/2024   657.044/ Sm511i/ 1984 BUBTL-200314747 02/02/2024 C-5 02/02/2024 Books 14747

More Information About Library

Library Hours

  • Open: 9.00 am. to 9.00 pm.
  • Only Sunday: 9.00 am. to 6.00 pm.
  • Closed: Holiday

Contact to the University

Bangladesh University of Business and Technology Library

  • Mirpurl-2, 1216.
  • Phone:
  • Fax:
  • E-Mail: admin.library@bubt.edu.bd

Contact to the Library

Contact Person:

Md. Abdul Hakim Shah
Joint Librarian
PABX No:  113
Cell No: 01816332931
E-mail: official: admin.library@bubt.edu.bd
Personal: hakim.shah@bubt.edu.bd


BUBT Library

Copyright © 2021